000
00364nam a2200169Ia 4500
003
0STCL
008
150530s9999 xx 000 0 und d
040
_a
STCL
_c
STCL
100
_a
Subramanian,N
245
_a
Programming for Basic
250
_a
Fourth
260
_c
1996
546
_a
English
942
_2
ddc
_c
BK
999
_c
31739
_d
31739
005
20220125170229.0